[Event "Eliminacje Miedzywojewodzkie MA-WM C13"]
[Site "Brok"]
[Date "2022.09.16"]
[Round "9.5"]
[White "Maciaga, Jan"]
[Black "Terkiewicz, Bruno"]
[Result "0-1"]
[BlackElo "1846"]
[WhiteElo "1296"]
[LiveChessVersion "1.4.8"]

1. c4 {[%clk 1:30:49]} e5 {[%clk 1:30:56]} 2. Nc3 {[%clk 1:31:15]} Nf6
{[%clk 1:31:22]} 3. g3 {[%clk 1:31:07]} Bb4 {[%clk 1:30:52]} 4. Bg2
{[%clk 1:29:23]} O-O {[%clk 1:31:01]} 5. Nf3 {[%clk 1:28:38]} Re8
{[%clk 1:31:17]} 6. O-O {[%clk 1:27:48]} c6 {[%clk 1:31:37]} 7. d3
{[%clk 1:24:12]} h6 {[%clk 1:31:47]} 8. Bd2 {[%clk 1:24:11]} a5 {[%clk 1:31:41]}
9. a3 {[%clk 1:24:18]} Bc5 {[%clk 1:31:58]} 10. Rb1 {[%clk 1:23:16]} d5
{[%clk 1:30:54]} 11. b4 {[%clk 1:18:51]} axb4 {[%clk 1:30:42]} 12. axb4
{[%clk 1:19:14]} Bb6 {[%clk 1:18:42]} 13. c5 {[%clk 1:16:05]} Bc7
{[%clk 1:12:23]} 14. d4 {[%clk 1:11:05]} e4 {[%clk 1:10:43]} 15. Ne1
{[%clk 1:11:16]} Bf5 {[%clk 1:09:41]} 16. Nc2 {[%clk 1:09:02]} Qc8
{[%clk 1:01:40]} 17. Qc1 {[%clk 0:59:19]} Bh3 {[%clk 0:57:22]} 18. Bf4
{[%clk 0:59:03]} Bxf4 {[%clk 0:55:34]} 19. Qxf4 {[%clk 0:58:59]} Bxg2
{[%clk 0:55:57]} 20. Kxg2 {[%clk 0:59:15]} Nbd7 {[%clk 0:55:14]} 21. b5
{[%clk 0:58:16]} Nf8 {[%clk 0:51:27]} 22. Qd2 {[%clk 0:55:12]} Ng6
{[%clk 0:39:47]} 23. Ne3 {[%clk 0:47:05]} Nh7 {[%clk 0:32:54]} 24. bxc6
{[%clk 0:41:09]} bxc6 {[%clk 0:33:11]} 25. h4 {[%clk 0:35:16]} f5
{[%clk 0:29:34]} 26. Kh2 {[%clk 0:28:20]} f4 {[%clk 0:26:33]} 27. Ng2
{[%clk 0:28:28]} Rf8 {[%clk 0:20:55]} 28. h5 {[%clk 0:20:34]} fxg3+
{[%clk 0:15:35]} 29. fxg3 {[%clk 0:20:42]} Ne7 {[%clk 0:15:19]} 30. Nf4
{[%clk 0:19:50]} Qg4 {[%clk 0:13:03]} 31. e3 {[%clk 0:18:04]} Nf5
{[%clk 0:13:14]} 32. Qe1 {[%clk 0:08:22]} Ng5 {[%clk 0:12:51]} 33. Kg2
{[%clk 0:03:45]} Nf3 {[%clk 0:11:57]} 34. Qf2 {[%clk 0:03:43]} N5h4+
{[%clk 0:12:11]} 35. Kh1 {[%clk 0:03:59]} Rxf4 {[%clk 0:12:30]} 0-1

[Event "Eliminacje Miedzywojewodzkie MA-WM C13"]
[Site "Brok"]
[Date "2022.09.16"]
[Round "9.6"]
[White "Klim, Juliusz"]
[Black "Kowalski, Witold"]
[Result "1/2-1/2"]
[BlackElo "1525"]
[WhiteElo "1471"]
[LiveChessVersion "1.4.8"]

1. e4 {[%clk 1:31:00]} c5 {[%clk 1:30:55]} 2. Nf3 {[%clk 1:31:28]} d6
{[%clk 1:31:19]} 3. d4 {[%clk 1:31:54]} cxd4 {[%clk 1:31:45]} 4. Nxd4
{[%clk 1:32:22]} Nf6 {[%clk 1:32:12]} 5. Nc3 {[%clk 1:32:46]} a6 {[%clk 1:32:36]}
6. a4 {[%clk 1:33:05]} e5 {[%clk 1:32:59]} 7. Nf3 {[%clk 1:33:24]} h6
{[%clk 1:33:10]} 8. Bc4 {[%clk 1:27:37]} Be7 {[%clk 1:33:07]} 9. O-O
{[%clk 1:25:58]} O-O {[%clk 1:32:28]} 10. Qd3 {[%clk 1:22:06]} Nc6
{[%clk 0:57:57]} 11. Be3 {[%clk 1:14:37]} Be6 {[%clk 0:51:25]} 12. Nd5
{[%clk 1:03:35]} Bxd5 {[%clk 0:39:13]} 13. Bxd5 {[%clk 1:02:24]} Nb4
{[%clk 0:33:56]} 14. Qb3 {[%clk 1:00:25]} Nbxd5 {[%clk 0:33:39]} 15. exd5
{[%clk 1:00:04]} Qd7 {[%clk 0:33:54]} 16. Bb6 {[%clk 0:51:38]} Rac8
{[%clk 0:30:20]} 17. Rfd1 {[%clk 0:49:30]} Bd8 {[%clk 0:25:29]} 18. Bxd8
{[%clk 0:48:31]} Rfxd8 {[%clk 0:25:31]} 19. Nd2 {[%clk 0:46:37]} Rc5
{[%clk 0:05:02]} 20. c4 {[%clk 0:39:49]} b5 {[%clk 0:04:34]} 21. axb5
{[%clk 0:35:11]} axb5 {[%clk 0:05:03]} 22. Ra5 {[%clk 0:32:07]} bxc4
{[%clk 0:05:09]} 23. Nxc4 {[%clk 0:32:06]} Qc7 {[%clk 0:04:30]} 24. Rxc5
{[%clk 0:30:46]} Qxc5 {[%clk 0:04:55]} 25. Qb6 {[%clk 0:27:15]} Qxb6
{[%clk 0:04:31]} 26. Nxb6 {[%clk 0:26:07]} Rb8 {[%clk 0:04:52]} 27. Nc4
{[%clk 0:25:53]} Ne8 {[%clk 0:05:11]} 28. Kf1 {[%clk 0:22:12]} Rb4
{[%clk 0:05:04]} 29. Rc1 {[%clk 0:18:49]} Kf8 {[%clk 0:05:15]} 30. Ke2
{[%clk 0:14:39]} Ke7 {[%clk 0:05:18]} 31. Rc2 {[%clk 0:14:06]} g6
{[%clk 0:03:52]} 32. Ne3 {[%clk 0:09:36]} f5 {[%clk 0:02:57]} 33. Kd1
{[%clk 0:06:07]} f4 {[%clk 0:02:05]} 34. Nc4 {[%clk 0:05:34]} Nf6
{[%clk 0:01:50]} 35. Na5 {[%clk 0:04:39]} Rd4+ {[%clk 0:01:18]} 36. Kc1
{[%clk 0:04:53]} Rxd5 {[%clk 0:01:41]} 37. Rc7+ {[%clk 0:04:30]} Ke6
{[%clk 0:01:52]} 38. Nc6 {[%clk 0:03:26]} Rc5+ {[%clk 0:01:54]} 39. Kb1
{[%clk 0:03:43]} Kf5 {[%clk 0:00:36]} 40. b4 {[%clk 0:02:23]} Rb5
{[%clk 0:00:43]} 41. Kb2 {[%clk 0:02:08]} Nd5 {[%clk 0:00:54]} 42. Rf7+
{[%clk 0:01:38]} Kg5 {[%clk 0:00:50]} 43. Kb3 {[%clk 0:01:52]} Rb6
{[%clk 0:00:52]} 44. Kc4 {[%clk 0:01:05]} Nf6 {[%clk 0:00:40]} 45. Ne7
{[%clk 0:00:48]} Ne4 {[%clk 0:00:38]} 46. f3 {[%clk 0:00:43]} Nd2+
{[%clk 0:00:58]} 47. Kd3 {[%clk 0:00:41]} Nf1 {[%clk 0:01:02]} 48. Rg7
{[%clk 0:00:39]} Rxb4 {[%clk 0:00:36]} 49. Rxg6+ {[%clk 0:01:04]} Kh5
{[%clk 0:00:58]} 50. g4+ {[%clk 0:00:38]} fxg3 {[%clk 0:00:40]} 51. hxg3
{[%clk 0:01:07]} Rd4+ {[%clk 0:00:33]} 52. Ke2 {[%clk 0:01:12]} Nh2
{[%clk 0:00:41]} 53. g4+ {[%clk 0:00:52]} Nxg4 {[%clk 0:00:36]} 54. fxg4+
{[%clk 0:00:38]} Rxg4 {[%clk 0:00:57]} 55. Rxd6 {[%clk 0:01:05]} Rg7
{[%clk 0:00:42]} 56. Rxh6+ {[%clk 0:00:44]} Kxh6 {[%clk 0:01:04]} 57. Nf5+
{[%clk 0:01:13]} Kg6 {[%clk 0:01:27]} 58. Nxg7 {[%clk 0:01:39]} Kxg7
{[%clk 0:01:52]} 59. Ke3 {[%clk 0:02:01]} Kf6 {[%clk 0:02:17]} 60. Ke4
{[%clk 0:01:28]} Ke6 {[%clk 0:02:43]} 61. Ke3 {[%clk 0:01:55]} Kd5
{[%clk 0:03:04]} 62. Kd3 {[%clk 0:02:16]} e4+ {[%clk 0:03:27]} 63. Ke3
{[%clk 0:02:39]} Ke5 {[%clk 0:03:53]} 64. Ke2 {[%clk 0:03:05]} Kd4
{[%clk 0:04:17]} 65. Kd2 {[%clk 0:03:32]} e3+ {[%clk 0:04:42]} 66. Ke2
{[%clk 0:03:56]} Ke4 {[%clk 0:05:05]} 67. Ke1 {[%clk 0:04:25]} Kf3
{[%clk 0:05:22]} 68. Kf1 {[%clk 0:04:50]} e2+ {[%clk 0:05:45]} 69. Ke1
{[%clk 0:05:18]} Ke3 {[%clk 0:06:10]} 1/2-1/2

[Event "Eliminacje Miedzywojewodzkie MA-WM C13"]
[Site "Brok"]
[Date "2022.09.16"]
[Round "9.8"]
[White "Rzap, Filip"]
[Black "Roclawski, Jakub"]
[Result "1-0"]
[BlackElo "1079"]
[WhiteElo "1391"]
[LiveChessVersion "1.4.8"]

1. e4 e5 2. Nf3 Nf6 3. Nxe5 d6 4. Nf3 Nxe4 5. Nc3 Nxc3 6. dxc3 Be7 7. Be3 O-O 8.
Bd3 Re8 9. O-O Bg4 10. h3 Bh5 11. Re1 Nd7 12. Bf1 Ne5 13. g4 Nxf3+ 14. Qxf3 Bg6
15. Re2 Bg5 16. Bxg5 Qxg5 17. Qxb7 f5 18. Qd5+ Kh8 19. Rae1 h6 20. Rxe8+ Rxe8 21.
Rxe8+ Bxe8 22. Qa8 Qe7 23. Bb5 Qe1+ 24. Kg2 Qe4+ 25. Qxe4 fxe4 26. Bxe8 Kh7 27.
Bc6 g5 28. Bxe4+ Kg7 29. Kf3 Kf6 30. Ke3 c5 31. b4 Ke5 32. f3 c4 33. a4 d5 34.
Bf5 h5 35. b5 hxg4 36. hxg4 Kd6 37. Kd4 Kc7 38. Kxd5 Kb6 39. Kxc4 Ka5 40. Kc5
Kxa4 41. c4 Ka5 42. f4 gxf4 43. Bd3 f3 44. g5 f2 45. g6 a6 46. g7 f1=Q 47. Bxf1
axb5 48. g8=Q Ka4 49. Qa8# 1-0

[Event "Eliminacje Miedzywojewodzkie MA-WM C13"]
[Site "Brok"]
[Date "2022.09.16"]
[Round "9.9"]
[White "Dunalski, Szymon"]
[Black "Fil, Grzegorz"]
[Result "0-1"]
[BlackElo "1122"]
[WhiteElo "1016"]
[LiveChessVersion "1.4.8"]

1. d4 d5 2. c4 c6 3. cxd5 cxd5 4. Nc3 Nc6 5. Nf3 Bf5 6. Bf4 e6 7. a3 a6 8. e3 Bd6
9. Bxd6 Qxd6 10. Bd3 Bxd3 11. Qxd3 Rc8 12. Rc1 Na5 13. O-O Nc4 14. Rc2 Nf6 15.
Re1 O-O 16. Ree2 b5 17. Nd2 Rfd8 18. Nxc4 bxc4 19. Qd1 Rb8 20. Rcd2 Qc6 21. h3
Rb3 22. f3 Qb6 23. Kf2 Rb8 24. Na4 Qc6 25. Nc5 R3b6 26. Qa4 Qxa4 27. Nxa4 R6b7
28. Nc5 Ra7 29. Rd1 Nd7 30. Nxd7 Rxd7 31. Rc1 Rdb7 32. Rcc2 Kf8 33. Kg3 Ke7 34.
Kf4 f6 35. e4 Kd6 36. Ke3 Rb3+ 37. Kf4 Rd3 38. Red2 Rbb3 39. h4 Kc6 40. a4 h6 41.
h5 Kb6 42. exd5 exd5 43. Kf5 Rxd2 44. Rxd2 Re3 45. Kg6 Re7 46. Rd1 Ka5 47. Ra1
Kb4 48. Ra3 Re2 49. Kxg7 Rxb2 50. Ra1 Rxg2+ 51. Kxh6 c3 0-1